[Event "Witney op-A 10th"]
[Site "Witney"]
[Date "2023.11.04"]
[Round "2"]
[White "Hariharan, Shambavi"]
[Black "Rida, Ruqayyah"]
[Result "0-1"]
[WhiteElo "1844"]
[BlackElo "2029"]
[PlyCount "82"]
[EventDate "2023.11.04"]
[EventType "swiss"]
[EventRounds "5"]
[EventCountry "ENG"]
[SourceTitle "CB46_2023"]
[SourceDate "2023.11.15"]
[SourceVersion "1"]
[SourceVersionDate "2023.11.15"]
[SourceQuality "1"]

1. d4 Nf6 2. c4 g6 3. Nf3 Bg7 4. g3 0-0 5. Bg2 d6 6. 0-0 c5 7. d5 e6 8. Nc3 exd5 9. cxd5 Re8 10. Bf4 a6 11. a4 h6 12. Bc1 Nbd7 13. Nd2 b6 14. Nc4 Ne5 15. Nxe5 Rxe5 16. Bf4 Re8 17. e4 Rb8 18. Re1 g5 19. Bd2 b5 20. axb5 axb5 21. Qc2 Bd7 22. Ne2 Ng4 23. Bc3 Ne5 24. Bxe5 Bxe5 25. f4 Bg7 26. Kh1 b4 27. Qd2 Bb5 28. fxg5 Qxg5 29. Nf4 Bd4 30. Qc2 c4 31. Nh3 Qg7 32. Rab1 b3 33. Qc1 Rec8 34. Nf4 c3 35. bxc3 Bxc3 36. Rxb3 Bxe1 37. Qxe1 Ba4 38. Rxb8 Rxb8 39. Bf1 Bc2 40. Qe3 Qa1 41. Qf3 Bxe4 0-1

[Event "World ol U16"]
[Site "Eindhoven"]
[Date "2023.08.14"]
[Round "2.14"]
[White "Rida, Ruqayyah"]
[Black "Hayrapetyan, Nvard"]
[Result "0-1"]
[WhiteElo "1830"]
[BlackElo "1560"]
[PlyCount "52"]
[EventDate "2023.08.13"]
[EventType "team-swiss"]
[EventRounds "9"]
[EventCountry "NED"]
[SourceTitle "CBM 215 Extra"]
[Source "ChessBase"]
[SourceDate "2023.09.30"]
[SourceVersion "1"]
[SourceVersionDate "2023.09.30"]
[SourceQuality "1"]
[WhiteTeam "England"]
[BlackTeam "Armenia"]
[WhiteTeamCountry "ENG"]
[BlackTeamCountry "ARM"]

1. e4 c5 2. Nf3 e6 3. d4 cxd4 4. Nxd4 Nf6 5. Nc3 Nc6 6. Nxc6 bxc6 7. e5 Nd5 8. Ne4 Qc7 9. f4 Rb8 10. c4 Bb4+ 11. Ke2 0-0 12. a3 Be7 13. cxd5 cxd5 14. Nf2 f6 15. exf6 Bxf6 16. Rb1 Ba6+ 17. Kf3 Bb7 18. Bd3 e5 19. Bc2 e4+ 20. Kg3 Qb6 21. Bb3 Kh8 22. Bxd5 Bd4 23. Nxe4 Bxd5 24. Nc3 Bf2+ 25. Kh3 Qh6+ 26. Kg4 Qh4# 0-1

[Event "Daventry 4NCL op-A 30th"]
[Site "Daventry"]
[Date "2023.06.16"]
[Round "1"]
[White "Yzeiraj, Diamant"]
[Black "Rida, Ruqayyah"]
[Result "1-0"]
[WhiteElo "1686"]
[BlackElo "1873"]
[PlyCount "63"]
[EventDate "2023.06.16"]
[EventType "swiss"]
[EventRounds "5"]
[EventCountry "ENG"]
[SourceTitle "CBM 214 Extra"]
[Source "ChessBase"]
[SourceDate "2023.07.31"]
[SourceVersion "1"]
[SourceVersionDate "2023.07.31"]
[SourceQuality "1"]

1. e4 e5 2. Nf3 Nc6 3. Bc4 Bc5 4. c3 Nf6 5. d4 exd4 6. cxd4 Bb4+ 7. Bd2 Nxe4 8. Bxb4 Nxb4 9. Bxf7+ Kxf7 10. Qb3+ Kf8 11. Qxb4+ Qe7 12. Qxe7+ Kxe7 13. Nc3 Nxc3 14. bxc3 d6 15. d5 Bf5 16. 0-0-0 Kd7 17. Nd4 Be4 18. c4 c6 19. Rhe1 cxd5 20. cxd5 Rac8+ 21. Kb2 Bxd5 22. Nf5 Rc5 23. Re7+ Kc6 24. Rxg7 Rb5+ 25. Ka1 Kb6 26. Nxd6 Ra5 27. Nxb7 Bxb7 28. Rb1+ Kc6 29. Rbxb7 Re8 30. Rbe7 Rf8 31. Ref7 Rd8 32. Rf6+ 1-0

[Event "Cambridge op"]
[Site "Cambridge"]
[Date "2023.02.18"]
[Round "7"]
[White "Rida, Ruqayyah"]
[Black "Hutchinson, Paul A"]
[Result "1-0"]
[WhiteElo "1669"]
[BlackElo "2070"]
[PlyCount "83"]
[EventDate "2023.02.15"]
[EventType "swiss"]
[EventRounds "9"]
[EventCountry "ENG"]
[SourceTitle "CBM 212 Extra"]
[Source "ChessBase"]
[SourceDate "2023.03.31"]
[SourceVersion "1"]
[SourceVersionDate "2023.03.31"]
[SourceQuality "1"]

1. e4 c6 2. d4 d5 3. Nc3 dxe4 4. Nxe4 Nf6 5. Nxf6+ exf6 6. c3 Bd6 7. Bd3 0-0 8. Qc2 Re8+ 9. Ne2 h5 10. Be3 Nd7 11. 0-0-0 Nf8 12. c4 Be6 13. Kb1 Rc8 14. Nc3 Bb4 15. Qb3 Bxc3 16. Qxc3 b5 17. Rhe1 bxc4 18. Bxc4 Bd5 19. f3 Ne6 20. Rc1 Rb8 21. Ka1 Rb6 22. Bxd5 cxd5 23. Rc2 Qd6 24. Qd2 Nd8 25. Rec1 Qe7 26. Bf4 Re6 27. Rc7 Qf8 28. Qa5 g5 29. Bd2 Qd6 30. Rc8 Re2 31. Bb4 Qf4 32. Rd1 Nb7 33. Rxe8+ Rxe8 34. Qxd5 Rd8 35. Qxb7 Rxd4 36. Qc8+ Kh7 37. Rxd4 Qxd4 38. Qf5+ Kg7 39. a3 Qg1+ 40. Ka2 Qxh2 41. Bc3 Qd6 42. Qxg5+ 1-0

[Event "Cambridge op"]
[Site "Cambridge"]
[Date "2023.02.15"]
[Round "1"]
[White "Rida, Ruqayyah"]
[Black "Turner, Matthew"]
[Result "0-1"]
[WhiteElo "1669"]
[BlackElo "2455"]
[PlyCount "134"]
[EventDate "2023.02.15"]
[EventType "swiss"]
[EventRounds "9"]
[EventCountry "ENG"]
[SourceTitle "CBM 212 Extra"]
[Source "ChessBase"]
[SourceDate "2023.03.31"]
[SourceVersion "1"]
[SourceVersionDate "2023.03.31"]
[SourceQuality "1"]

1. e4 e5 2. Nf3 Nc6 3. Bc4 Nf6 4. d3 Bc5 5. c3 d6 6. 0-0 a6 7. Bb3 Ba7 8. Nbd2 0-0 9. Re1 Ng4 10. Re2 Kh8 11. h3 Nf6 12. Nf1 Nh5 13. Re1 Qf6 14. Ne3 Bxe3 15. Bxe3 Nf4 16. Bxf4 Qxf4 17. Qd2 Qxd2 18. Nxd2 f5 19. Rad1 h6 20. Nc4 f4 21. Nd2 g5 22. Nf3 Kg7 23. Nh2 h5 24. f3 Na5 25. Bc2 Be6 26. b3 c5 27. d4 cxd4 28. cxd4 Rac8 29. Bb1 Rc3 30. dxe5 dxe5 31. Rd6 Kf6 32. Red1 Rfc8 33. Nf1 Nc6 34. Bd3 b5 35. Bb1 Nd4 36. Rxa6 Rc1 37. Rxc1 Rxc1 38. Bd3 Rd1 39. Bxb5 Nxb5 40. a4 Nd4 41. b4 Nc2 42. Kf2 Nxb4 43. Rb6 Rd4 44. a5 Nd3+ 45. Ke2 Nc1+ 46. Kf2 Nb3 47. a6 Ra4 48. Rc6 Ra2+ 49. Kg1 Nd4 50. Rb6 Ne2+ 51. Kh2 Ra1 52. Rb2 Nd4 53. Nd2 Rxa6 54. Kg1 Ra1+ 55. Kf2 Rd1 56. Nb1 Bc4 57. Nd2 Bd3 58. g4 hxg4 59. hxg4 Nc2 60. Rb6+ Ke7 61. Rb7+ Kd8 62. Nb3 Rf1+ 63. Kg2 Ne1+ 64. Kh2 Nxf3+ 65. Kh3 Rh1+ 66. Kg2 Rh2+ 67. Kxf3 Be2# 0-1

[Event "BCF-chT4 2223 (4NCL)"]
[Site "England"]
[Date "2023.02.04"]
[Round "5.95"]
[White "Rida, Ruqayyah"]
[Black "Gaffney, Samuel"]
[Result "1-0"]
[WhiteElo "1786"]
[BlackElo "1833"]
[PlyCount "69"]
[EventDate "2022.11.05"]
[EventType "team-swiss"]
[EventRounds "11"]
[EventCountry "ENG"]
[SourceTitle "EXT 2024"]
[Source "ChessBase"]
[SourceDate "2023.10.10"]
[SourceVersion "1"]
[SourceVersionDate "2023.10.10"]
[SourceQuality "1"]
[WhiteTeam "She Plays To Win Lionesses"]
[BlackTeam "Iceni II"]
[WhiteTeamCountry "ENG"]
[BlackTeamCountry "ENG"]

1. e4 d5 2. exd5 Qxd5 3. Nc3 Qa5 4. d4 Nf6 5. Nf3 Bf5 6. Bc4 e6 7. Bd2 c6 8. Nd5 Qd8 9. Nxf6+ gxf6 10. Be3 Nd7 11. Bd3 Bg6 12. Qe2 Qc7 13. 0-0-0 0-0-0 14. Rhe1 Nb6 15. Kb1 Nd5 16. Bxg6 hxg6 17. Bd2 Nf4 18. Qf1 g5 19. h3 Kb8 20. c4 Be7 21. Bc3 Qb6 22. Nd2 Rhe8 23. g3 Ng6 24. Nb3 Qc7 25. Rc1 f5 26. c5 Bf6 27. Ba5 b6 28. cxb6 axb6 29. Qa6 Qa7 30. Qxb6+ Qxb6 31. Bxb6 Rc8 32. Nc5 Re7 33. Rc4 Nf8 34. Rb4 Ka8 35. Re3 1-0